Statistics for Every Geelong Cats All-Australian Player

Click here to take the quiz!

General Stats

  • This quiz has been taken 17 times
    (8 since last reset)
  • The average score is 57 of 79

Answer Stats

YearPositionAnswer% Correct
2020WingCameron Guthrie
100%
2007InterchangeCameron Ling
100%
2009FollowerGary Ablett
100%
2008FollowerGary Ablett
100%
1995Full-ForwardGary Ablett
100%
2007FollowerGary Ablett
100%
1994Full-ForwardGary Ablett
100%
1993Full-ForwardGary Ablett
100%
1992Half-Forward FlankGary Ablett
100%
2010FollowerGary Ablett
100%
2013Centre Half-BackHarry Taylor
100%
2010Centre Half-BackHarry Taylor
100%
2022Centre Half-ForwardJeremy Cameron
100%
2017InterchangeJoel Selwood
100%
2013CentreJoel Selwood
100%
2014FollowerJoel Selwood
100%
2016FollowerJoel Selwood
100%
2009WingJoel Selwood
100%
2010WingJoel Selwood
100%
2020Full-ForwardTom Hawkins
100%
2019Full-ForwardTom Hawkins
100%
2021Centre Half-ForwardTom Hawkins
100%
2012Full-ForwardTom Hawkins
100%
2022Full-ForwardTom Hawkins
100%
2007Centre Half-BackMatthew Egan
83%
2017FollowerPatrick Dangerfield
83%
2016FollowerPatrick Dangerfield
83%
2018Half-Forward FlankPatrick Dangerfield
83%
2019Half-Forward FlankPatrick Dangerfield
83%
2020Half-Forward FlankPatrick Dangerfield
83%
2022Back PocketTom Stewart
83%
2023Back PocketTom Stewart
83%
2018Back PocketTom Stewart
83%
2021Back PocketTom Stewart
83%
2019Back PocketTom Stewart
83%
2022Forward PocketTyson Stengle
83%
2013InterchangeAndrew Mackie
67%
2007Forward PocketCameron Mooney
67%
2016Half-Back FlankCorey Enright
67%
2008InterchangeCorey Enright
67%
2013Back PocketCorey Enright
67%
2010Back PocketCorey Enright
67%
2009Back PocketCorey Enright
67%
2011Back PocketCorey Enright
67%
2011InterchangeJames Kelly
67%
2007CentreJimmy Bartel
67%
2008WingJimmy Bartel
67%
2008CentreJoel Corey
67%
2007InterchangeJoel Corey
67%
2022InterchangeMark Blicavs
67%
2008Full-BackMatthew Scarlett
67%
2004Full-BackMatthew Scarlett
67%
2009Full-BackMatthew Scarlett
67%
2007Back PocketMatthew Scarlett
67%
2011Back PocketMatthew Scarlett
67%
2003Full-BackMatthew Scarlett
67%
2009Half-Forward FlankPaul Chapman
67%
2010Half-Forward FlankPaul Chapman
67%
1991CentrePaul Couch
67%
1995CentrePaul Couch
67%
2007Half-Forward FlankSteve Johnson
67%
2008Half-Forward FlankSteve Johnson
67%
2010InterchangeSteve Johnson
67%
2019WingTim Kelly
67%
2007Back PocketDarren Milburn
50%
2000RuckSteven King
50%
2008Back PocketTom Harley
50%
1991InterchangeBill Brownless
33%
1994FollowerGarry Hocking
33%
1993Forward PocketGarry Hocking
33%
1996InterchangeGarry Hocking
33%
1991Forward PocketGarry Hocking
33%
1992Half-Back FlankKen Hinkley
33%
1991Half-Back FlankKen Hinkley
33%
1994Half-Back FlankMichael Mansfield
33%
1995Half-Back FlankMichael Mansfield
33%
1992Centre Half-BackBarry Stoneham
17%
1992InterchangeMark Bairstow
0%
1991FollowerMark Bairstow
0%

Score Distribution

Percentile by Number Answered

Percent of People with Each Score

Your Score History

You have not taken this quiz since the last reset